00518 2200193 4500001002100000005001500021008004100036020001800077035002500095041000800120082001000128090001000138100002600148245004400174250001600218260003000234300003700264650002300301INLIS00000000000534520130515152630 ind  a979-3738-01-4 a0010-051300000005345 aind a006.3 a006.3 aInung K., Arisasangka aMerekam dan Mengedit Secara Profesional aCetakan : 1 aJakartabEska Mediac2004 aviii, 136 hlm. : ilus. ;20,5 cm. aInteligensi Buatan